| 000 | 00655nam a2200169 4500 | ||
|---|---|---|---|
| 999 |
_c16541 _d16541 |
||
| 008 | 220223b ||||| |||| 00| 0 eng d | ||
| 022 | _a0091-4169 | ||
| 082 | _aDPer 364.05 J82 2011 v101 n.2 | ||
| 100 |
_aLaudan, Larry. _944052 |
||
| 245 |
_aThe devastating impact of prior crimes evidence and other myths of the criminal justice process/ _cLarry Laudan and Ronald J. Allen. |
||
| 260 |
_aEvanston: _bNorthwestern University Press, _cc2011. |
||
| 300 |
_av101 n2, pages 493-528; _c25 cm. |
||
| 500 | _aThe Journal of Criminal Law and Criminology. | ||
| 650 |
_aCriminal procedure. _944053 |
||
| 700 |
_aAllen, R. J. _eAuthor. _944054 |
||
| 942 |
_2ddc _cPER |
||